000 00438nam a2200181Ia 4500
008 210210b1958 xxu||||| |||| 00| 0 eng d
041 _aeng
082 _a330/385
100 _aSAMUELSON (P A)
245 _aFoundations of economic analysis
260 _aCambridge
_bHarvard University Press
_c1958
650 _aof
650 _aFoundations
650 _aeconomic
650 _aanalysis
690 _aEconomics
906 _a003788
999 _c120734
_d120734